| 000 | 03355cam a22003614a 4500 | ||
|---|---|---|---|
| 999 |
_c26452 _d26452 |
||
| 001 | 16120657 | ||
| 003 | OSt | ||
| 005 | 20170204115946.0 | ||
| 008 | 100305s2010 nyua b 001 0 eng | ||
| 010 | _a 2010009546 | ||
| 020 | _a9780521769044 (hardback) | ||
| 020 | _a0521769043 (hardback) | ||
| 035 | _a(OCoLC)ocn544474666 | ||
| 040 |
_aDLC _cDLC _dYDX _dYDXCP _dERASA _dCDX _dUTO _dDLC |
||
| 042 | _apcc | ||
| 043 | _ae-gr--- | ||
| 050 | 0 | 0 |
_aN5633 _b.C64 2010 |
| 082 | 0 | 0 |
_a709.38 _222 |
| 100 | 1 | _aCohen, Ada. | |
| 245 | 1 | 0 |
_aArt in the era of Alexander the Great : _bparadigms of manhood and their cultural traditions / _cAda Cohen. |
| 260 |
_aNew York : _bCambridge University Press, _c2010. |
||
| 300 |
_axxiii, 398 p. : _bill. ; _c27 cm. |
||
| 504 | _aIncludes bibliographical references and index. | ||
| 505 | 0 | _aIntroduction: themes and issues -- Figural mosaics in the House of the Abduction of Helen at Pella: three themes -- Master of lions (and other animals) -- War as hunt, hunt as war -- Rape as hunt, hunt as rape? -- Rape as war, war as rape? -- Abduction and femininity -- Hunt and masculinity -- Epilogue: fixing the pose. | |
| 520 | _a"In this book, Ada Cohen focuses on art produced in Macedonia during the late Classical and early Hellenistic period, which coincides with the reigns of Philip II, his famous son Alexander the Great, and their immediate successors. Although inspired by traditional Greek themes and ideals, this body of artwork articulated specifically Macedonian aspirations. Cohen focuses on three key "masculine" themes - warfare, hunting, and abduction of women - exploring their visual and conceptual interconnections. She demonstrates their preoccupation with the visual celebration of violence and studies the analogies they draw among the ideological categories of "enemy," "animal," and "woman." Simultaneously historical and thematic, Cohen's text is structured around select paintings and mosaics from northern Greek sites, such as Pella and Vergina, and from both secular and funerary contexts. She also examines monuments from other ancient contexts and in other media to illuminate specific questions of style, theme, and meaning"--Provided by publisher. | ||
| 520 | _a"Simultaneously historical and thematic, this book studies an important period in Greek art, the late Classical and earely Hellenistic, especially the reigns of Philip II, his famous son Alexander the Great, and their successors. It focuses on the three traditionally "masculine" themes of warfare, hunting, and the abduction of women. All three show a preoccupation with the pictorial celebration of violence and draw analogies among the ideological categories "enemy," "animal," and "women." The book explores the ways in which masculine and feminine identities were usually constructed and communicated"--Provided by publisher. | ||
| 650 | 0 |
_aArt, Greek _xThemes, motives. |
|
| 650 | 0 | _aMasculinity in art. | |
| 650 | 0 | _aFemininity in art. | |
| 650 | 0 | _aIdentity (Psychology) in art. | |
| 906 |
_a7 _bcbc _corignew _d1 _eecip _f20 _gy-gencatlg |
||
| 942 |
_2lcc _cBOOKS _hN 5633 .C64 2010 |
||